[Event "BL2 West 1920 (Women)"]
[Site "Germany"]
[Date "2019.09.14"]
[Round "1.3"]
[White "Kohls, Vera"]
[Black "Glinzner, Alva"]
[Result "0-1"]
[WhiteElo "1725"]
[BlackElo "1916"]
[PlyCount "72"]
[EventDate "2019.09.14"]
[EventType "team-tourn"]
[EventRounds "7"]
[EventCountry "GER"]
[SourceTitle "EXT 2021"]
[Source "ChessBase"]
[SourceDate "2020.10.23"]
[SourceVersion "1"]
[SourceVersionDate "2020.10.23"]
[SourceQuality "1"]
[WhiteTeam "Delmenhorst (W)"]
[BlackTeam "Luebeck (W)"]
[WhiteTeamCountry "GER"]
[BlackTeamCountry "GER"]

1. d4 Nf6 2. Nf3 e6 3. Bg5 Be7 4. e3 b6 5. Nbd2 d5 6. Bd3 Bb7 7. 0-0 Nbd7 8. c3 0-0 9. Qc2 c5 10. Rfe1 Rc8 11. Rac1 h6 12. Bh4 Re8 13. h3 Qc7 14. Nf1 Bd6 15. Bb5 Ne4 16. N3d2 Nxd2 17. Qxd2 e5 18. Bxd7 Qxd7 19. Bg3 Qc6 20. f3 Rcd8 21. Qc2 Re6 22. Bh2 Rde8 23. Qf2 Qc7 24. Qd2 Qe7 25. Ng3 exd4 26. Nf5 Bxh2+ 27. Kxh2 Qg5 28. Qd3 c4 29. Nxh6+ Qxh6 30. Qxd4 Rxe3 31. Rxe3 Qxe3 32. Qd1 Qe2 33. Qa4 a6 34. Rc2 Qe5+ 35. Kg1 b5 36. Qb4 d4 0-1

[Event "BL2 West 1819 (Women)"]
[Site "Germany"]
[Date "2018.10.28"]
[Round "2.6"]
[White "Walow, Xenia"]
[Black "Kohls, Vera"]
[Result "1-0"]
[WhiteElo "1747"]
[BlackElo "1749"]
[PlyCount "133"]
[EventDate "2018.10.27"]
[EventType "team-tourn"]
[EventRounds "7"]
[EventCountry "GER"]
[SourceTitle "CBM 190 Extra"]
[Source "ChessBase"]
[SourceDate "2019.07.15"]
[SourceVersion "1"]
[SourceVersionDate "2019.07.15"]
[SourceQuality "1"]
[WhiteTeam "Paderborn Blauer Springer (W)"]
[BlackTeam "Delmenhorst (W)"]
[WhiteTeamCountry "GER"]
[BlackTeamCountry "GER"]

1. d4 e6 2. Bf4 b6 3. e3 Bb7 4. Nf3 Nf6 5. h3 a6 6. Bd3 h6 7. c3 Be7 8. Nbd2 0-0 9. Qe2 d5 10. Ne5 Nbd7 11. Qf3 Nxe5 12. Bxe5 Ne8 13. Qg4 Nf6 14. Qg3 Nh5 15. Qf3 Nf6 16. g4 Nh7 17. Qg2 f6 18. Bf4 Bd6 19. Bxd6 cxd6 20. h4 e5 21. Bf5 Qe7 22. Nf3 e4 23. Nd2 Rfd8 24. 0-0-0 Bc8 25. Bxh7+ Kxh7 26. g5 h5 27. gxf6 Qxf6 28. f3 exf3 29. Nxf3 Bg4 30. Ng5+ Kg6 31. Rde1 Qf5 32. Rhf1 Qd3 33. Qxd5 Ra7 34. Ne4 Qb5 35. Qxb5 axb5 36. a3 Re7 37. Ng5 d5 38. Rf4 Rd6 39. Kd2 Rd8 40. Nf3 Bxf3 41. Rxf3 Re4 42. Rf4 Rde8 43. Rg1+ Kh6 44. Rg3 R8e6 45. Rf8 g6 46. Rh3 Kg7 47. Rd8 Rf6 48. Rxd5 Rf2+ 49. Kd3 Re6 50. Rxb5 Kf6 51. e4 Rg2 52. Rf3+ Kg7 53. Rf4 Kh6 54. d5 Re8 55. Rxb6 Rg4 56. Rbf6 Rb8 57. b4 Ra8 58. d6 Rg3+ 59. Rf3 Rg4 60. R6f4 Rg1 61. e5 Rxa3 62. Rf8 Ra7 63. Rd8 Rd1+ 64. Kc4 Re1 65. d7 Rc7+ 66. Kd5 Rd1+ 67. Ke6 1-0

[Event "BL2 West 1718 (Women)"]
[Site "Germany"]
[Date "2018.02.18"]
[Round "7.5"]
[White "Kohls, Vera"]
[Black "Biebinger, Eva"]
[Result "1/2-1/2"]
[WhiteElo "1770"]
[BlackElo "1832"]
[PlyCount "69"]
[EventDate "2017.10.14"]
[EventType "team-tourn"]
[EventRounds "7"]
[EventCountry "GER"]
[SourceTitle "EXT 2019"]
[Source "ChessBase"]
[SourceDate "2018.10.10"]
[SourceVersion "1"]
[SourceVersionDate "2018.10.10"]
[SourceQuality "1"]
[WhiteTeam "Delmenhorst (W)"]
[BlackTeam "Hamburger SK (W) II"]
[WhiteTeamCountry "GER"]
[BlackTeamCountry "GER"]

1. Nf3 c6 2. d4 g6 3. c3 d5 4. Bf4 Bg7 5. Nbd2 Nf6 6. e3 0-0 7. Bd3 a5 8. a4 Na6 9. 0-0 Nc7 10. h3 Nh5 11. Be5 Bxe5 12. Nxe5 Qd6 13. f4 Ng7 14. Qc2 Bf5 15. e4 dxe4 16. Nxe4 Bxe4 17. Bxe4 f5 18. Bf3 Nd5 19. Qd2 Ne6 20. g3 Nb6 21. Be2 Rfd8 22. Nc4 Nxc4 23. Bxc4 Kg7 24. Qe2 Nc7 25. Rfe1 Re8 26. Qe5+ Qxe5 27. Rxe5 b6 28. Rae1 Kf6 29. d5 cxd5 30. Bxd5 Nxd5 31. Rxd5 Rad8 32. Ree5 e6 33. Rb5 Rd6 34. Kf2 Rc8 35. Re3 1/2-1/2

[Event "BL2 West 1415 (Women)"]
[Site "Germany"]
[Date "2014.09.27"]
[Round "1.5"]
[White "Hielscher, Ursula"]
[Black "Kohls, Vera"]
[Result "1/2-1/2"]
[WhiteElo "1852"]
[BlackElo "1821"]
[PlyCount "50"]
[EventDate "2014.09.27"]
[EventType "team-tourn"]
[EventRounds "7"]
[EventCountry "GER"]
[SourceTitle "CBM 166 Extra"]
[Source "ChessBase"]
[SourceDate "2015.06.18"]
[SourceVersion "1"]
[SourceVersionDate "2015.06.18"]
[SourceQuality "1"]
[WhiteTeam "Kiel Doppelbauer (W)"]
[BlackTeam "Delmenhorst (W)"]
[WhiteTeamCountry "GER"]
[BlackTeamCountry "GER"]

1. d4 e6 2. Bf4 Nf6 3. e3 b6 4. Nd2 Bb7 5. Ngf3 Be7 6. Bd3 d5 7. h3 Nbd7 8. 0-0 0-0 9. Rc1 c5 10. c3 Ne4 11. Qc2 Ndf6 12. Ng5 Nxg5 13. Bxg5 h6 14. Bf4 Bd6 15. Bxd6 Qxd6 16. dxc5 Qxc5 17. Nb3 Qd6 18. Rfd1 Qe5 19. Nd4 Nd7 20. Nf3 Qf6 21. c4 Rac8 22. Qb1 Ne5 23. Nxe5 Qxe5 24. cxd5 Bxd5 25. Rxc8 Rxc8 1/2-1/2

[Event "BL2 West 1314 (Women)"]
[Site "Germany"]
[Date "2014.03.09"]
[Round "7.5"]
[White "Kohls, Vera"]
[Black "Hielscher, Ursula"]
[Result "0-1"]
[WhiteElo "1836"]
[BlackElo "1891"]
[PlyCount "102"]
[EventDate "2013.11.30"]
[EventType "team-tourn"]
[EventRounds "7"]
[EventCountry "GER"]
[SourceTitle "EXT 2018"]
[Source "ChessBase"]
[SourceDate "2017.10.13"]
[SourceVersion "1"]
[SourceVersionDate "2017.10.13"]
[SourceQuality "1"]
[WhiteTeam "Delmenhorst (W)"]
[BlackTeam "Kiel Doppelbauer (W)"]
[WhiteTeamCountry "GER"]
[BlackTeamCountry "GER"]

1. d4 Nf6 2. Nf3 g6 3. c3 Bg7 4. Bg5 d6 5. Nbd2 Nbd7 6. e4 0-0 7. Be2 h6 8. Bh4 Nh5 9. 0-0 c5 10. Ne1 Nf4 11. dxc5 Nxc5 12. Bg3 Nxe2+ 13. Qxe2 Qb6 14. Rb1 Be6 15. c4 Na4 16. Qd1 Nxb2 17. Qc2 Qd4 18. e5 Nxc4 19. Nef3 Qc5 20. Rxb7 Nxe5 21. Qxc5 Nxf3+ 22. Nxf3 dxc5 23. Rxe7 Bxa2 24. Rfe1 c4 25. Ne5 c3 26. Rc7 Rfc8 27. Rxc8+ Rxc8 28. Nd3 Bc4 29. Nc1 c2 30. h3 Bc3 31. Re4 Bd2 32. Bf4 Bxf4 33. Rxf4 Bb5 34. Kh2 Rd8 35. Rb4 a6 36. Rb2 Rc8 37. Ra2 Kg7 38. Kg3 Rc4 39. f3 Kf6 40. Kf2 Ke5 41. Ke3 Rc6 42. f4+ Kf5 43. g4+ Kf6 44. Kd2 Rc4 45. Nd3 Rd4 46. Kxc2 Rxd3 47. h4 Rh3 48. g5+ hxg5 49. hxg5+ Kf5 50. Ra1 Kxf4 51. Rf1+ Bxf1 0-1

[Event "BL2 West 1314 (Women)"]
[Site "Germany"]
[Date "2014.02.16"]
[Round "5.4"]
[White "Kohls, Vera"]
[Black "Huppertz, Andrea"]
[Result "1/2-1/2"]
[WhiteElo "1836"]
[BlackElo "1853"]
[PlyCount "31"]
[EventDate "2013.11.30"]
[EventType "team-tourn"]
[EventRounds "7"]
[EventCountry "GER"]
[SourceTitle "EXT 2018"]
[Source "ChessBase"]
[SourceDate "2017.10.13"]
[SourceVersion "1"]
[SourceVersionDate "2017.10.13"]
[SourceQuality "1"]
[WhiteTeam "Delmenhorst (W)"]
[BlackTeam "Wattenscheid (W)"]
[WhiteTeamCountry "GER"]
[BlackTeamCountry "GER"]

1. d4 d5 2. Nf3 Nf6 3. Bg5 Ne4 4. Bh4 Nd7 5. Nbd2 Ndf6 6. e3 h6 7. Bd3 g5 8. Bg3 Nxg3 9. hxg3 Bg4 10. c3 Bg7 11. Qb3 Bxf3 12. gxf3 Rb8 13. Qa4+ Qd7 14. Qxa7 0-0 15. Qc5 b6 16. Qb5 1/2-1/2

[Event "GER-ch (Women)"]
[Site "Bad Wiessee"]
[Date "2013.03.25"]
[Round "6"]
[White "Kohls, Vera"]
[Black "Morosova, Svetlana"]
[Result "1/2-1/2"]
[WhiteElo "1855"]
[BlackElo "1640"]
[PlyCount "42"]
[EventDate "2013.03.20"]
[EventType "swiss"]
[EventRounds "9"]
[EventCountry "GER"]
[SourceTitle "CBM 153 Extra"]
[Source "ChessBase"]
[SourceDate "2013.04.22"]
[SourceVersion "1"]
[SourceVersionDate "2013.04.22"]
[SourceQuality "1"]

1. d4 Nf6 2. Nf3 g6 3. Bg5 Bg7 4. Nbd2 d6 5. c3 Nbd7 6. g3 0-0 7. e4 e5 8. Nc4 h6 9. dxe5 hxg5 10. exf6 Qxf6 11. Bg2 Ne5 12. Nfxe5 dxe5 13. 0-0 Be6 14. Ne3 c6 15. Qc2 Rfd8 16. b3 Rd7 17. Rad1 Rad8 18. Rxd7 Rxd7 19. Rd1 Qd8 20. h3 Rxd1+ 21. Qxd1 Qxd1+ 1/2-1/2

[Event "GER-ch (Women)"]
[Site "Bad Wiessee"]
[Date "2013.03.22"]
[Round "3"]
[White "Diederichs, Luise"]
[Black "Kohls, Vera"]
[Result "1-0"]
[WhiteElo "1847"]
[BlackElo "1855"]
[PlyCount "57"]
[EventDate "2013.03.20"]
[EventType "swiss"]
[EventRounds "9"]
[EventCountry "GER"]
[SourceTitle "CBM 153 Extra"]
[Source "ChessBase"]
[SourceDate "2013.04.22"]
[SourceVersion "1"]
[SourceVersionDate "2013.04.22"]
[SourceQuality "1"]

1. c4 b6 2. e4 Bb7 3. Nc3 e6 4. d4 Bb4 5. f3 Bxc3+ 6. bxc3 Qh4+ 7. g3 Qe7 8. Bg2 Nc6 9. Nh3 Na5 10. 0-0 Ba6 11. f4 Bxc4 12. Rf2 c6 13. f5 e5 14. dxe5 Qxe5 15. Bf4 Qc5 16. Qd2 Nb7 17. Rd1 0-0-0 18. Be3 Qe5 19. Bd4 Qe7 20. Bxg7 Nf6 21. Bxh8 Rxh8 22. Qd4 Ba6 23. e5 Ne8 24. e6 Nf6 25. exd7+ Kd8 26. Bxc6 Nc5 27. Qf4 Ncxd7 28. Bxd7 Nxd7 29. Rfd2 1-0

[Event "BL2 West 1112 (Women)"]
[Site "Germany"]
[Date "2011.11.26"]
[Round "3.3"]
[White "Kohls, Vera"]
[Black "Benzen, Marthe"]
[Result "0-1"]
[WhiteElo "1856"]
[BlackElo "1891"]
[PlyCount "77"]
[EventDate "2011.10.29"]
[EventType "team-tourn"]
[EventRounds "7"]
[EventCountry "GER"]
[SourceTitle "EXT 2013"]
[Source "ChessBase"]
[SourceDate "2012.11.22"]
[SourceVersion "1"]
[SourceVersionDate "2012.11.22"]
[SourceQuality "1"]
[WhiteTeam "Delmenhorst (W)"]
[BlackTeam "Kiel Doppelbauer (W)"]
[WhiteTeamCountry "GER"]
[BlackTeamCountry "GER"]

1. f4 d5 2. Nf3 Nf6 3. e3 Bf5 4. Be2 Nc6 5. a3 a6 6. 0-0 d4 7. b4 dxe3 8. dxe3 Qxd1 9. Bxd1 g6 10. Bb2 Bg7 11. Nbd2 0-0-0 12. Nc4 Rhf8 13. Nd4 Be4 14. Ne5 Nxe5 15. fxe5 Nd5 16. e6 f5 17. Re1 Nxe3 18. Rxe3 Rxd4 19. Re1 Rxd1 20. Bxg7 Rxa1 21. Rxa1 Rd8 22. c4 Rd6 23. g4 fxg4 24. c5 Rxe6 25. Re1 Bd5 26. Rd1 c6 27. Rf1 Bf3 28. Kf2 Re2+ 29. Kg3 Rg2+ 30. Kf4 Rxh2 31. Re1 Re2 32. Rc1 Re4+ 33. Kg5 g3 34. Bc3 g2 35. Rg1 Rg4+ 36. Kh6 Rh4+ 37. Kg7 Rh1 38. Bd4 h5 39. Ra1 0-1

[Event "GER-ch (Women)"]
[Site "Bonn"]
[Date "2011.06.02"]
[Round "8"]
[White "Kohls, Vera"]
[Black "Leveikina, Jevgenija"]
[Result "0-1"]
[WhiteElo "1878"]
[BlackElo "2100"]
[PlyCount "68"]
[EventDate "2011.05.26"]
[EventType "swiss"]
[EventRounds "9"]
[EventCountry "GER"]
[SourceTitle "CBM 142 Extra"]
[Source "ChessBase"]
[SourceDate "2011.06.27"]
[SourceVersion "1"]
[SourceVersionDate "2011.06.27"]
[SourceQuality "1"]

1. d4 c6 2. Nf3 d5 3. c3 Nf6 4. Bf4 Bf5 5. e3 e6 6. Nbd2 Nbd7 7. Be2 Be7 8. Ne5 Nxe5 9. Bxe5 Nd7 10. Bg3 Qb6 11. b4 a5 12. a3 0-0 13. 0-0 Ra7 14. Nb3 axb4 15. axb4 Rfa8 16. Rxa7 Qxa7 17. f4 b6 18. Qa1 Qa2 19. Rc1 Ra3 20. Bd1 Be4 21. Qxa2 Rxa2 22. Be1 Rxg2+ 23. Kf1 Ra2 24. Bg3 Bd3+ 25. Kg1 Bc4 26. Na1 Nf6 27. Bh4 Kf8 28. Bf3 Ne8 29. Bg3 Nd6 30. Nc2 Nb5 31. Be1 Bd6 32. Kg2 Na3 33. Bd1 Bb3 34. Ra1 Rxa1 0-1

[Event "Bremen-ch op"]
[Site "Delmenhorst"]
[Date "2011.04.23"]
[Round "9"]
[White "Kohls, Vera"]
[Black "Kueck, Alexander"]
[Result "1-0"]
[WhiteElo "1900"]
[BlackElo "1047"]
[PlyCount "57"]
[EventDate "2011.04.16"]
[EventType "swiss"]
[EventRounds "9"]
[EventCountry "GER"]
[SourceTitle "EXT 2012"]
[Source "ChessBase"]
[SourceDate "2011.11.24"]
[SourceVersion "1"]
[SourceVersionDate "2011.11.24"]
[SourceQuality "1"]

1. d4 d5 2. Nf3 Nf6 3. Bg5 Ne4 4. Bh4 f6 5. e3 Nc6 6. c3 Bd7 7. Nbd2 Nxd2 8. Nxd2 e6 9. Bd3 Bd6 10. Qh5+ Ke7 11. e4 dxe4 12. Nxe4 Qe8 13. Qf3 Qf7 14. 0-0 Raf8 15. Rfe1 e5 16. Nd2 Kd8 17. Bc4 Qe8 18. Bd5 Qe7 19. Nc4 Re8 20. Re4 g5 21. Bg3 Qg7 22. Rae1 f5 23. Rxe5 Nxe5 24. Bxe5 Qe7 25. h3 Bxe5 26. Nxe5 c6 27. Nxc6+ bxc6 28. Rxe7 Rxe7 29. Bc4 1-0

[Event "Bremen-ch op"]
[Site "Delmenhorst"]
[Date "2011.04.17"]
[Round "2"]
[White "Frische, Thomas"]
[Black "Kohls, Vera"]
[Result "1-0"]
[WhiteElo "1422"]
[BlackElo "1900"]
[PlyCount "66"]
[EventDate "2011.04.16"]
[EventType "swiss"]
[EventRounds "9"]
[EventCountry "GER"]
[SourceTitle "EXT 2012"]
[Source "ChessBase"]
[SourceDate "2011.11.24"]
[SourceVersion "1"]
[SourceVersionDate "2011.11.24"]
[SourceQuality "1"]

1. e4 g6 2. d4 Bg7 3. Nf3 c6 4. c3 d5 5. e5 Bg4 6. h3 Bxf3 7. Qxf3 e6 8. Bf4 h5 9. Bd3 Nh6 10. g4 g5 11. Bd2 h4 12. Qe3 f6 13. Bg6+ Kd7 14. exf6 Qxf6 15. Qxg5 Qf3 16. Rh2 Bf6 17. Qf4 Qxf4 18. Bxf4 Ng8 19. f3 Ne7 20. Bh5 Na6 21. Re2 Raf8 22. Kf2 Bxd4+ 23. Be3 Bxe3+ 24. Rxe3 Rh6 25. Nd2 Ng8 26. Re5 Nf6 27. Rg5 Nxh5 28. gxh5 Rf7 29. Rag1 Ke7 30. Re5 Nc5 31. Ke3 Nd7 32. Rg6 Rfh7 33. Rxh6 Rxh6 1-0

[Event "BL2 Nord 1011 (Women)"]
[Site "Germany"]
[Date "2010.11.07"]
[Round "2.4"]
[White "Romakin, Helene"]
[Black "Kohls, Vera"]
[Result "1-0"]
[WhiteElo "1998"]
[BlackElo "1900"]
[PlyCount "103"]
[EventDate "2010.11.06"]
[EventType "team-tourn"]
[EventRounds "7"]
[EventCountry "GER"]
[SourceTitle "EXT 2012"]
[Source "ChessBase"]
[SourceDate "2011.11.24"]
[SourceVersion "1"]
[SourceVersionDate "2011.11.24"]
[SourceQuality "1"]
[WhiteTeam "Lehrte (W)"]
[BlackTeam "Delmenhorst (W)"]
[WhiteTeamCountry "GER"]
[BlackTeamCountry "GER"]

1. c4 e6 2. g3 f5 3. Bg2 Nf6 4. b3 Nc6 5. Bb2 b6 6. Nf3 Bb7 7. 0-0 Be7 8. d3 0-0 9. Nbd2 Qe8 10. e4 fxe4 11. dxe4 d6 12. Ng5 Bc8 13. e5 dxe5 14. Qe2 Bd6 15. Rae1 Rb8 16. Ngf3 Qh5 17. Nxe5 Nxe5 18. Qxh5 Nxh5 19. Bxe5 Bxe5 20. Rxe5 g6 21. f4 Ng7 22. Nf3 Bb7 23. Ng5 Bxg2 24. Kxg2 Rbe8 25. Rfe1 Rf6 26. Rd1 h6 27. Ne4 Rf7 28. Nc3 a6 29. c5 Rff8 30. cxb6 cxb6 31. Na4 Rd8 32. Rde1 Rd2+ 33. R1e2 Rxe2+ 34. Rxe2 b5 35. Nc5 Ra8 36. Nxe6 Re8 37. Nd4 Rxe2+ 38. Nxe2 Kf7 39. g4 Ke6 40. Kf3 Kd5 41. Ke3 a5 42. Nc3+ Kc5 43. a3 Ne8 44. f5 gxf5 45. gxf5 Nf6 46. Ne4+ Nxe4 47. Kxe4 Kd6 48. Kd4 h5 49. h4 b4 50. a4 Ke7 51. Ke5 Kf7 52. f6 1-0

[Event "GER-ch (Women)"]
[Site "Hockenheim"]
[Date "2009.08.28"]
[Round "7"]
[White "Kohls, Vera"]
[Black "Banisch, Anett"]
[Result "0-1"]
[WhiteElo "1904"]
[BlackElo "2061"]
[PlyCount "66"]
[EventDate "2009.08.21"]
[EventType "swiss"]
[EventRounds "9"]
[EventCountry "GER"]
[SourceTitle "CBM 131 Extra"]
[Source "ChessBase"]
[SourceDate "2009.09.03"]
[SourceVersion "2"]
[SourceVersionDate "2009.09.16"]
[SourceQuality "1"]

1. Nf3 f5 2. b3 d6 3. d3 Nf6 4. Bb2 e5 5. Nbd2 g6 6. e4 Bg7 7. g3 Nc6 8. Bg2 0-0 9. Qe2 a5 10. d4 fxe4 11. Nxe4 Nxe4 12. Qxe4 exd4 13. Qd5+ Kh8 14. 0-0 Nb4 15. Qc4 d5 16. Qe2 Bg4 17. Ba3 Qf6 18. Bxb4 axb4 19. Qd3 Bxf3 20. Qb5 Bxg2 21. Kxg2 Qf3+ 22. Kg1 d3 23. Rac1 d2 24. Rcd1 Bc3 25. Qc5 Rxa2 26. Rxd2 Bxd2 27. Qd4+ Qf6 28. Qxd2 c6 29. Kg2 Qf3+ 30. Kh3 Qc3 31. Qh6 Rf5 32. Kg2 Qf3+ 33. Kg1 Rxc2 0-1